Latur district disaster responce plan (Record no. 432960)

000 -LEADER
fixed length control field 00393cam a22001217a 4500
008 - FIXED-LENGTH DATA ELEMENTS--GENERAL INFORMATION
fixed length control field 180718b1998 xxu||||| |||| 00| 0 eng d
082 ## - DEWEY DECIMAL CLASSIFICATION NUMBER
Classification number Q39x5442 M277L/1
245 ## - TITLE STATEMENT
Title Latur district disaster responce plan
260 ## - PUBLICATION, DISTRIBUTION, ETC.
Place of publication, distribution, etc. Mumbai
Name of publisher, distributor, etc. Maharashtra Emergency Earthhquake Rehabilition Programme
Date of publication, distribution, etc. 1998
300 ## - PHYSICAL DESCRIPTION
Extent v.p.
500 ## - GENERAL NOTE
General note Maharashtra Disaster Management Plan
650 ## - SUBJECT ADDED ENTRY--TOPICAL TERM
Topical term or geographic name entry element Disaster management
Holdings
Withdrawn status Lost status Source of classification or shelving scheme Damaged status Not for loan Permanent Location Current Location Date acquired Full call number Barcode Date last seen Price effective from Koha item type
          Indian Institute of Public Administration Indian Institute of Public Administration 2010-02-05 Q39x5442 M277L/1 GR21153 2018-07-21 2018-07-21 GR
          Indian Institute of Public Administration Indian Institute of Public Administration 2010-02-05 Q39x5442 M277L/1 GR21152 2018-07-21 2018-07-21 GR

Powered by Koha